Les clubs victimes de Luis Suarez en Ligue des Champions - Statistiques

Statistiques générales
  • Ce quiz a été pris 45 fois
  • Le résultat moyen est 13 sur 17
Statistiques - réponses
Pays Club % Correct
France Paris Saint-Germain 4
100%
Allemagne Bayern Munich 1
97%
Italie Juventus 1
97%
Italie AC Milan 1
95%
Italie AS Rome 4
92%
Italie Inter Milan 2
92%
Angleterre Liverpool 1
92%
Ecosse Celtic Glasgow 2
89%
Allemagne Borussia Dortmund 1
86%
Angleterre Manchester City 2
86%
Angleterre Arsenal 1
81%
Italie Naples 1
76%
Espagne Atletico Madrid 2
68%
Chypre APOEL Nicosie 1
57%
Allemagne Bayer Leverkusen 1
49%
Biélorussie BATE Borisov 1
32%
France AJ Auxerre 1
24%
Aucun quiz correspondant
Distribution des résultats
% des personnes avec chaque résultat
Percentile par nombre de réponses
Votre historique - résultats
Vous n’avez pas pris ce quiz